000 00372nam a2200133Ia 4500
008 220216s9999 xx 000 0 und d
100 _aSelmar D
_cet al
245 0 _aChanges in cyanogenic glucoside content in seeds and seedlings of Hevea species
260 _bPhytochemistry
_c1991
300 _a2135-2140
500 _aSource Year: 1992
856 _uHOA
942 _cJS
999 _c55312
_d55312